Score 0/12 Timer 05:00
0 Plays Today
% Correct
???
82.8%
???
82.8%
???
79.3%
???
79.3%
???
79.3%
???
72.4%
???
72.4%
???
69%
???
62.1%
???
62.1%
???
55.2%
???
51.7%

You're not logged in!

Compare scores with friends on all Sporcle quizzes.
OR
Log In

From the Vault

Song Titles: What's the Thing?

by MSUKent

The Thing is probably a big fan of rock music.
Remove Ads.
Support Sporcle.
Get the best of Sporcle when you Go Orange. This ad-free experience offers more features, more stats, and more fun while also helping to support Sporcle. Thank you for becoming a member.

Show Comments

Extras

Top Quizzes Today


Score Distribution

Your Account Isn't Verified!

In order to create a playlist on Sporcle, you need to verify the email address you used during registration. Go to your Sporcle Settings to finish the process.

Report this User

Report this user for behavior that violates our Community Guidelines.

Details: